Statistics for Famous Animals Quiz

Click here to take the quiz!

General Stats

  • This quiz has been taken 367 times
    (366 since last reset)
  • The average score is 7 of 10

Answer Stats

Clue Animal % Correct
This cat loves lasagnaGarfield
90%
Movie elephantDumbo
79%
Movie name of the Orca Whale KeikoWilly
75%
Famous PigBabe
73%
Timmy's in a well? Go get helpLassie
69%
Star dolphinFlipper
68%
Talking horseMister Ed
62%
Sheep that was first cloned mammalDolly
55%
Spokeslizard for insurance companyGeico Gecko
54%
Dog on the SimpsonsSantas Little Helper
54%

Score Distribution

Percentile by Number Answered

Percent of People with Each Score

Your Score History

You have not taken this quiz since the last reset